[Event "Koltsovo op"]
[Site "Koltsovo"]
[Date "2014.06.29"]
[Round "2"]
[White "Popov, Eugeny Vladimirovic"]
[Black "Gorbunov, Grigory"]
[Result "1-0"]
[WhiteElo "1991"]
[BlackElo "1899"]
[PlyCount "69"]
[EventDate "2014.06.28"]
[EventType "swiss"]
[EventRounds "9"]
[EventCountry "RUS"]
[SourceTitle "CBM 161 Extra"]
[Source "ChessBase"]
[SourceDate "2014.08.29"]
[SourceVersion "1"]
[SourceVersionDate "2014.08.29"]
[SourceQuality "1"]

1. d4 d5 2. c4 c6 3. Nf3 dxc4 4. g3 Bf5 5. Nc3 Nf6 6. Bg2 e6 7. Ne5 Be7 8. 0-0 0-0 9. Nxc4 Nd5 10. e4 Nxc3 11. bxc3 Bg6 12. Qb3 b6 13. Ne5 Qc7 14. a4 Nd7 15. Nxg6 hxg6 16. Bf4 Bd6 17. Be3 Rac8 18. a5 c5 19. Rfc1 Rb8 20. Qb5 Rfc8 21. Ra2 bxa5 22. Qxa5 Qxa5 23. Rxa5 cxd4 24. Bxd4 Bc5 25. Rd1 Bb6 26. Ra3 Nc5 27. Kf1 Rd8 28. Ke2 Rbc8 29. f4 f6 30. e5 Kf7 31. h4 Rb8 32. Bf3 Nb7 33. Bxb6 Rxd1 34. Kxd1 axb6 35. Ra7 1-0

[Event "Koltsovo op"]
[Site "Koltsovo"]
[Date "2014.06.28"]
[Round "1"]
[White "Melikhov, Daniil"]
[Black "Popov, Eugeny Vladimirovic"]
[Result "1/2-1/2"]
[WhiteElo "1754"]
[BlackElo "1991"]
[PlyCount "106"]
[EventDate "2014.06.28"]
[EventType "swiss"]
[EventRounds "9"]
[EventCountry "RUS"]
[SourceTitle "CBM 161 Extra"]
[Source "ChessBase"]
[SourceDate "2014.08.29"]
[SourceVersion "1"]
[SourceVersionDate "2014.08.29"]
[SourceQuality "1"]

1. d4 Nf6 2. c4 e6 3. Nc3 Bb4 4. e3 0-0 5. Bd3 c5 6. Nf3 d5 7. 0-0 Nc6 8. a3 Ba5 9. cxd5 Nxd5 10. Qc2 h6 11. dxc5 Bxc3 12. bxc3 Qa5 13. c4 Nde7 14. Bb2 Qxc5 15. Qc3 f6 16. Nd4 Ne5 17. Be2 a6 18. a4 Qc7 19. Rac1 N7c6 20. Ba3 Rd8 21. Rfd1 Qa5 22. Qc2 Nxd4 23. exd4 Nc6 24. d5 Ne5 25. f4 Nf7 26. Bh5 exd5 27. Be7 Rd7 28. cxd5 Rxd5 29. Rxd5 Qxd5 30. Bg6 Be6 31. Rd1 Qc4 32. Qxc4 Bxc4 33. Be4 Rb8 34. a5 Bb5 35. Rc1 Re8 36. Rc7 Bc6 37. Bg6 Bd5 38. Kf2 Rb8 39. Bc5 Nd8 40. Re7 Nc6 41. Rd7 Be6 42. Rd6 Bf7 43. Be4 Nxa5 44. Rb6 Rc8 45. Bb4 Nc4 46. Rxb7 a5 47. Be7 a4 48. Ra7 a3 49. Bxa3 Nxa3 50. Rxa3 Re8 51. Kf3 Rb8 52. Re3 Rb3 53. Bd3 Rb8 1/2-1/2